Statistics for ♫ YOUTH Lyrics - Troye Sivan ♫

Click here to take the quiz!

General Stats

  • This quiz has been taken 114 times
    (88 since last reset)
  • The average score is 19 of 23

Answer Stats

Lyrical Line % Correct
My {youth}
99%
My {youth}, my {youth}, my {youth}
99%
My youth is {yours}
96%
We said goodbye to safe and {sound}
96%
And when the lights start {flashing} like a photo booth
95%
We'll be {fireproof}
94%
What if we're hard to {find}
92%
Trippin' on skies, {sippin'} waterfalls
92%
What if we {lost} our minds
91%
What if we {run} away
90%
{What} {if}?
90%
And the {stars} exploding
88%
What if we {close} our eyes
81%
The {truth} so loud you can't ignore
79%
We're speeding through red lights into {paradise}
79%
What if we {left} today
75%
We let them fall {behind}, and they're never found
73%
'Cause we've no time for {getting} {old}
73%
Cross you fingers, {here} {we} {go}
73%
{Oh}, {oh}, {oh}
73%
Run away now and {forevermore}
71%
What if we start to {drive}
69%
Mortal {bodies}, timeless souls
60%

Score Distribution

Percentile by Number Answered

Percent of People with Each Score

Your Score History

You have not taken this quiz since the last reset